Łódź: przystanki na linii 3 - Statystyki

Ogólne statystyki
  • Ten quiz został rozwiązany 22 razy
  • Średni wynik to 19 z 27
Statystyki odpowiedzi
Ulica Przystanek % Poprawnych
Piotrkowska Centrum
94%
Zachodnia - Manufaktura
88%
Rondo Powstańców 1863r.
88%
Zgierska - Dolna
82%
Chojny Kurczaki
76%
Zachodnia - Lutomierska
76%
Kościuszki - Zamenhofa
76%
Kościuszki - 6 Sierpnia
71%
Rzgowska - Dachowa
71%
Dolna - Łagiewnicka
71%
Zachodnia - Legionów
71%
Zachodnia - Limanowskiego
71%
Rzgowska - Paderewskiego
71%
Piotrkowska - Plac Katedralny
71%
Piotrkowska - Plac Niepodległości
71%
Plac Niepodległości
71%
Kościuszki - Struga
71%
Piotrkowska - Brzeźna
65%
Piotrkowska - Czerwona
65%
Łagiewnicka - Kowalska
65%
Rzgowska - Lecznicza
65%
Piotrkowska - Żwirki
65%
Rzgowska - Cmentarz Rzgowska
59%
Rzgowska - Dąbrowskiego
59%
Łagiewnicka - Murarska
59%
Zachodnia - Próchnika
59%
Zachodnia - Więckowskiego
53%
Nie znaleziono quizów pasujących do podanych kryteriów
Rozkład punktacji
Procent ludzi z każdym wynikiem
Percentyl według liczby udzielonych odpowiedzi
Twoja historia wyników
Nie rozwiązałeś tego quizu